000 00235nam a2200097Ia 4500
001 723076
005 20250826163324.0
008 250824s9999 xx 000 0 und d
245 0 _a220 VOLT
_cJOSEPH INCARDONA
260 _bEVEREST YAYINLARI
999 _c723076
_d723076